Statistiken für Wer lügt? #2

Klicken Sie hier um das Quiz zu spielen!

Allgemein

  • Dieses Quiz wurde 191 mal gespielt
  • Das Durchschnittsergebnis liegt bei 8 aus 16

Antwortstatistiken

FrageAntwort% Korrekt
Ich bin ein Feld im klassischen Monopoly.Kirchstraße
85%
Ich habe die UEFA Champions League gewonnen.Lazio Rom
78%
Wir liegen im selben Bundesland.Würzburg und Wolfsburg
78%
Von mir gibt es schon über 1000 Folgen.Krass Schule – Die jungen Lehrer
69%
Ich bin ein Fluss, der länger als 2000 km ist.Limpopo
66%
Ich wohne in Entenhausen.Ede Wolf
60%
Ich war mal Formel-1-Weltmeister.Juan Pablo Montoya
53%
Ich gehöre zum Weltkulturerbe der UNESCO.Hartmann-Werft in Wismar
51%
Ich gehörte zu den zwölf Aposteln von Jesus Christus.Lazarus
47%
Ich bin eine griechische Gottheit.Avis
39%
Ich gehöre zu den Alkalimetallen.Calcium
36%
Ich war schonmal ein Bond-Girl.Anne Archer
27%
Ich war schon mal Außenminister in Deutschland.Kurt Georg Kiesinger
24%
Weniger als 50% meiner Bevölkerung kann lesen.Ruanda
24%
Ich gehörte einst zum Französischen Kolonialreich.Mosambik
21%
Ich gehöre zu den Nagetieren.Wildkaninchen
11%

Verteilung der Resultate

Perzentil nach korrekt beantworteten Fragen

Anzahl Personen mit jedem Resultat

Ihre Resultats-Entwicklung

Sie haben dieses Quiz noch nicht gespielt